[Event "XIII Konik Morski Rewala - Open A"]
[Site "Rewal"]
[Date "2008.08.23"]
[Round "4"]
[White "Lahiri, Atanu"]
[Black "Szromba, Krzysztof"]
[Result "1/2-1/2"]
[WhiteElo "2338"]
[BlackElo "2186"]
[PlyCount "98"]
[EventDate "2008.??.??"]

1. d4 f5 2. c4 Nf6 3. Nc3 g6 4. h4 c5 5. d5 d6 6. Nh3 Nbd7 7. Bg5 Bg7 8. Qc2
Ne5 9. Nf4 Qa5 10. Bxf6 Bxf6 11. e3 Bd7 12. Be2 a6 13. Ne6 b5 14. cxb5 axb5 15.
f4 Nf7 16. Kf2 Nd8 17. a3 Rb8 18. Qb3 Kf7 19. Ng5+ Kg7 20. a4 h6 21. Nf3 c4 22.
Qc2 b4 23. Nb5 Bxb5 24. axb5 Qxb5 25. Bxc4 Qc5 26. Rac1 Nb7 27. Nd2 Na5 28. b3
h5 29. Qd3 Rhc8 30. Nf3 Qb6 31. Rc2 Ra8 32. Nd4 Nb7 33. Ne6+ Kg8 34. g4 hxg4
35. h5 Nc5 36. Nxc5 Qxc5 37. hxg6 e6 38. Rhc1 Ra1 39. Rxa1 Bxa1 40. dxe6 Kg7
41. Ra2 Bf6 42. Ra6 Rh8 43. Kg2 Rh3 44. Qxd6 Rg3+ 45. Kxg3 Qxe3+ 46. Kg2 Qf3+
47. Kg1 Qg3+ 48. Kf1 Qf3+ 49. Kg1 Qg3+ 1/2-1/2

[Event "XIII Konik Morski Rewala - Open A"]
[Site "Rewal"]
[Date "2008.08.23"]
[Round "4"]
[White "Hermanowicz, Dominika"]
[Black "Czerwonski, Aleksander"]
[Result "1/2-1/2"]
[WhiteElo "2118"]
[BlackElo "2414"]
[PlyCount "89"]
[EventDate "2008.??.??"]

1. e4 e5 2. Nf3 Nc6 3. Bb5 a6 4. Ba4 Nf6 5. O-O Be7 6. Re1 b5 7. Bb3 d6 8. c3
O-O 9. d3 h6 10. Nbd2 Be6 11. Bc2 d5 12. exd5 Qxd5 13. Qe2 Bc5 14. Bb3 Qd7 15.
Bxe6 Qxe6 16. Ne4 Bb6 17. Be3 Nd7 18. a4 Rad8 19. axb5 axb5 20. Rad1 Rfe8 21.
Bxb6 Nxb6 22. d4 exd4 23. Qxb5 Qc4 24. Qxc4 Nxc4 25. cxd4 Nxb2 26. Rb1 Nd3 27.
Re3 Ncb4 28. Nc5 Rxe3 29. fxe3 Nxc5 30. Rxb4 Ne4 31. Rc4 Ra8 32. h3 Ra7 33. Ne5
h5 34. d5 Ra1+ 35. Kh2 Nd2 36. Rxc7 Nf1+ 37. Kg1 Nxe3+ 38. Kf2 Nxd5 39. Rc8+
Kh7 40. Nxf7 Nf4 41. Rc2 h4 42. Ng5+ Kh6 43. Nf3 g5 44. Ke3 Kh5 45. Kf2 1/2-1/2

[Event "XIII Konik Morski Rewala - Open A"]
[Site "Rewal"]
[Date "2008.08.23"]
[Round "4"]
[White "Nasuta, Grzegorz"]
[Black "Dragun, Kamil"]
[Result "1-0"]
[WhiteElo "1959"]
[BlackElo "2240"]
[PlyCount "91"]
[EventDate "2008.??.??"]

1. e4 c5 2. Nf3 Nc6 3. d4 cxd4 4. Nxd4 Nf6 5. Nc3 d6 6. Be2 e5 7. Nb3 Be7 8.
Be3 O-O 9. O-O Be6 10. Bf3 a5 11. Nd5 Bxd5 12. exd5 Nb4 13. a3 Na6 14. c4 Nd7
15. Be2 a4 16. Nd2 Nac5 17. Qc2 f5 18. f4 e4 19. g4 g6 20. Kh1 Bf6 21. Rg1 Kh8
22. Rg3 Qe7 23. g5 Bg7 24. h4 Nd3 25. Bxd3 exd3 26. Qxd3 Ne5 27. fxe5 f4 28. e6
fxg3 29. Re1 Rf5 30. Kg2 Raf8 31. Kxg3 Kg8 32. Rf1 Rxf1 33. Nxf1 Bxb2 34. Nd2
Qg7 35. Nf3 Be5+ 36. Kg2 Bf4 37. Bd4 Qe7 38. Qe4 Bc1 39. Bf6 Qe8 40. Nh2 b5 41.
Ng4 h5 42. Nh6+ Kh7 43. e7 bxc4 44. Kg3 Rxf6 45. gxf6 Bxh6 46. f7 1-0

[Event "XIII Konik Morski Rewala - Open A"]
[Site "Rewal"]
[Date "2008.08.23"]
[Round "4"]
[White "Janczarski, Michal"]
[Black "Ni, Viktorija"]
[Result "0-1"]
[WhiteElo "2238"]
[BlackElo "2129"]
[PlyCount "58"]
[EventDate "2008.??.??"]

1. c4 Nf6 2. Nc3 g6 3. g3 Bg7 4. Bg2 O-O 5. e3 d6 6. Nge2 Nc6 7. O-O Bd7 8. Rb1
Rb8 9. h3 a6 10. d4 b5 11. d5 Na5 12. cxb5 axb5 13. Nd4 b4 14. Nce2 e5 15. dxe6
fxe6 16. e4 c5 17. Nc2 Bc6 18. e5 dxe5 19. Qxd8 Rfxd8 20. Be3 Bb5 21. Rfe1 Bd3
22. Rbc1 b3 23. Na1 bxa2 24. Bxc5 Rxb2 25. Nc3 Nc6 26. Na4 Rb1 27. Nc3 Rxc1 28.
Rxc1 Bh6 29. f4 Nd7 0-1

[Event "XIII Konik Morski Rewala - Open A"]
[Site "Rewal"]
[Date "2008.08.23"]
[Round "4"]
[White "Kues, Hendrik"]
[Black "Witek, Tomasz"]
[Result "0-1"]
[WhiteElo "2235"]
[BlackElo "2125"]
[PlyCount "62"]
[EventDate "2008.??.??"]

1. d4 Nf6 2. Nf3 g6 3. Bf4 Bg7 4. e3 O-O 5. h3 d5 6. Be2 c5 7. c3 b6 8. O-O Ba6
9. Nbd2 Bxe2 10. Qxe2 Nbd7 11. Rfe1 Re8 12. Bh2 a6 13. a4 h6 14. Qd3 b5 15.
axb5 c4 16. Qc2 axb5 17. e4 e6 18. exd5 Rxa1 19. Rxa1 exd5 20. Nf1 Qb6 21. Ne3
Qb7 22. b3 Ra8 23. Rb1 Nb6 24. bxc4 Nxc4 25. Nxc4 dxc4 26. Ne5 Qe4 27. Qc1 Ra2
28. Rxb5 Re2 29. Rb1 Nd5 30. Rb8+ Kh7 31. Bg3 Ne3 0-1

[Event "XIII Konik Morski Rewala - Open A"]
[Site "Rewal"]
[Date "2008.08.23"]
[Round "4"]
[White "Baumann, Dariusz"]
[Black "Verdaguer Muntanya, Marc"]
[Result "1-0"]
[WhiteElo "2069"]
[BlackElo "2142"]
[PlyCount "61"]
[EventDate "2008.??.??"]

1. d4 Nf6 2. c4 c5 3. d5 e5 4. Nc3 d6 5. e4 Be7 6. Bd3 O-O 7. Nge2 Nh5 8. Be3
Bg5 9. Qd2 Bxe3 10. Qxe3 a6 11. O-O Nd7 12. f3 g6 13. g4 Ng7 14. Ng3 Qh4 15.
Rf2 Nf6 16. Be2 h5 17. g5 Nh7 18. f4 exf4 19. Rxf4 Qxg5 20. h4 Qe5 21. Raf1 Bh3
22. R1f2 f5 23. Nxh5 Nxh5 24. Bxh5 Nf6 25. Bxg6 Ng4 26. Qxh3 Nxf2 27. Rxf2 fxe4
28. Qe6+ Qxe6 29. dxe6 Rxf2 30. Kxf2 Kg7 31. h5 1-0

[Event "XIII Konik Morski Rewala - Open A"]
[Site "Rewal"]
[Date "2008.08.23"]
[Round "4"]
[White "Jagodzinski, Waldemar"]
[Black "Zadlo, Tomasz"]
[Result "1-0"]
[WhiteElo "2141"]
[BlackElo "2041"]
[PlyCount "87"]
[EventDate "2008.??.??"]

1. d4 d5 2. Nf3 Nf6 3. c4 c6 4. cxd5 cxd5 5. Nc3 Nc6 6. Bf4 Bf5 7. e3 e6 8. Qb3
Bb4 9. Bb5 Bxc3+ 10. Qxc3 O-O 11. O-O Ne4 12. Qa3 g5 13. Bg3 f6 14. Bd3 h5 15.
Bxe4 Bxe4 16. Nd2 h4 17. Nxe4 dxe4 18. Bd6 Rf7 19. h3 f5 20. f3 exf3 21. Rxf3
Qd7 22. Raf1 Rd8 23. Bb4 Qd5 24. Bc3 Qe4 25. Qb3 Ne7 26. Qa3 a6 27. Kh1 Nd5 28.
Ba5 Rdd7 29. Qc5 Nf6 30. Qc8+ Kg7 31. Rc1 g4 32. hxg4 fxg4 33. Rf4 Qxe3 34.
Rcf1 Rd5 35. Bd8 Rf5 36. Rxf5 exf5 37. Qxf5 Qh6 38. d5 Qg6 39. Qe5 h3 40. Bxf6+
Rxf6 41. gxh3 Qh6 42. Qxf6+ Qxf6 43. Rxf6 Kxf6 44. hxg4 1-0

[Event "XIII Konik Morski Rewala - Open A"]
[Site "Rewal"]
[Date "2008.08.23"]
[Round "4"]
[White "Klim, Kamil"]
[Black "Cagara, Paulina"]
[Result "1-0"]
[WhiteElo "2181"]
[BlackElo "2078"]
[PlyCount "116"]
[EventDate "2008.??.??"]

1. d4 f5 2. Nf3 Nf6 3. g3 g6 4. Bg2 Bg7 5. O-O O-O 6. c4 d6 7. Nc3 Qe8 8. d5 a5
9. e4 Nxe4 10. Nxe4 fxe4 11. Ng5 Na6 12. Nxe4 Bf5 13. Qe2 e5 14. Be3 Qd7 15.
Rac1 b6 16. h4 Nc5 17. Bxc5 bxc5 18. Ng5 Rfb8 19. Ne6 Ra6 20. Be4 Bxe6 21. dxe6
Qe7 22. h5 g5 23. b3 Kh8 24. Qg4 Qf6 25. Rc3 Re8 26. Rf3 Qxe6 27. Qxe6 Rxe6 28.
Rf7 Ra7 29. Rd7 Rf6 30. Kg2 h6 31. Rd1 Kg8 32. Rd3 g4 33. a4 Ra6 34. Rxc7 Rb6
35. Ra7 Rf8 36. Rxa5 Rfb8 37. Rb5 Bf8 38. Bd5+ Kg7 39. Be6 Kf6 40. Bxg4 Kg5 41.
Kh3 e4 42. Rd5+ Kf6 43. Rf5+ Ke7 44. Rf4 d5 45. Rxb6 Rxb6 46. cxd5 Rxb3 47. d6+
Kxd6 48. Rxf8 c4 49. Rc8 c3 50. a5 Ra3 51. a6 Ke5 52. a7 Rxa7 53. Rxc3 Ra2 54.
Kg2 Kd4 55. Re3 Ra5 56. Bd1 Rc5 57. Ba4 Rc4 58. Bd7 Ke5 1-0

[Event "XIII Konik Morski Rewala - Open A"]
[Site "Rewal"]
[Date "2008.08.23"]
[Round "4"]
[White "Czachor, Radoslaw"]
[Black "Andrzejewska, Anna"]
[Result "0-1"]
[WhiteElo "2127"]
[BlackElo "1992"]
[PlyCount "64"]
[EventDate "2008.??.??"]

1. e4 e5 2. Nf3 Nc6 3. d4 exd4 4. Nxd4 Nf6 5. Nxc6 bxc6 6. e5 Qe7 7. Qe2 Nd5 8.
c4 Ba6 9. g3 Nb6 10. b3 g6 11. Bb2 Bg7 12. Bg2 O-O 13. O-O Rfe8 14. Re1 d5 15.
Qc2 Rad8 16. Nd2 Qc5 17. Rac1 dxc4 18. Nxc4 Nxc4 19. bxc4 Bxe5 20. Bxe5 Rxe5
21. Rxe5 Qxe5 22. Bxc6 Qc5 23. Qa4 Rd2 24. Rf1 Bxc4 25. Be8 Bxf1 26. Qf4 Qd5
27. Bxf7+ Qxf7 28. Qxd2 Bh3 29. f4 Qd7 30. Qb2 Qc6 31. Qb8+ Kg7 32. Kf2 Qb6+
0-1

[Event "XIII Konik Morski Rewala - Open A"]
[Site "Rewal"]
[Date "2008.08.23"]
[Round "4"]
[White "Nicolo, Filippo"]
[Black "Szymanowska, Lena"]
[Result "0-1"]
[WhiteElo "2125"]
[BlackElo "1932"]
[PlyCount "98"]
[EventDate "2008.??.??"]

1. e4 e6 2. d3 d5 3. Nd2 Nf6 4. Ngf3 c5 5. g3 Nc6 6. Bg2 b6 7. O-O Be7 8. e5
Nd7 9. Re1 Qc7 10. Qe2 Bb7 11. Nf1 O-O-O 12. c3 Rdg8 13. d4 g5 14. Be3 h5 15.
Rac1 Kb8 16. b3 g4 17. N3d2 Qd8 18. dxc5 Nxc5 19. b4 Nd7 20. Bf4 Bg5 21. b5 Na5
22. c4 Nc5 23. Red1 Bxf4 24. gxf4 d4 25. Ne4 h4 26. Nd6 Bxg2 27. Kxg2 d3 28.
Qe3 Qc7 29. Nd2 h3+ 30. Kg1 f5 31. Nb3 Naxb3 32. axb3 Nxb3 33. Qxd3 Nxc1 34.
Rxc1 Rd8 35. Ra1 Rh7 36. Kf1 Rhd7 37. Qb3 Qc5 38. Qa4 Qd4 39. c5 Qxa4 40. Rxa4
bxc5 41. Rc4 Rxd6 42. exd6 Rxd6 43. Rxc5 Rd1+ 44. Ke2 Rh1 45. Rc6 Rxh2 46. Rxe6
Rh1 47. Rh6 Rb1 48. f3 g3 49. Rxh3 g2 0-1

[Event "XIII Konik Morski Rewala - Open A"]
[Site "Rewal"]
[Date "2008.08.23"]
[Round "4"]
[White "Kucypera, Malgorzata"]
[Black "Grochowalski, Pawel"]
[Result "1-0"]
[WhiteElo "2081"]
[BlackElo "2121"]
[PlyCount "25"]
[EventDate "2008.??.??"]

1. e4 e5 2. Nf3 d6 3. Bc4 Be7 4. d4 exd4 5. Nxd4 Nf6 6. Nc3 O-O 7. O-O Nc6 8.
f4 Nxd4 9. Qxd4 b6 10. Kh1 Bb7 11. b3 Nxe4 12. Nxe4 d5 13. Bb2 1-0

[Event "XIII Konik Morski Rewala - Open A"]
[Site "Rewal"]
[Date "2008.08.23"]
[Round "4"]
[White "Baturo, Tomasz"]
[Black "Siwiec, Arkadiusz"]
[Result "1/2-1/2"]
[WhiteElo "2059"]
[BlackElo "2096"]
[PlyCount "30"]
[EventDate "2008.??.??"]

1. e4 c5 2. c3 d5 3. exd5 Qxd5 4. d4 Nf6 5. Nf3 Bg4 6. Be2 e6 7. Na3 Nc6 8. O-O
Be7 9. Be3 cxd4 10. Nb5 Rc8 11. Nfxd4 Bxe2 12. Qxe2 Nxd4 13. Nxd4 O-O 14. Rfd1
a6 15. a3 Rfd8 1/2-1/2

[Event "XIII Konik Morski Rewala - Open A"]
[Site "Rewal"]
[Date "2008.08.23"]
[Round "4"]
[White "Demidowicz, Maria"]
[Black "Czartoryski, Pawel"]
[Result "1/2-1/2"]
[WhiteElo "2032"]
[BlackElo "2089"]
[PlyCount "71"]
[EventDate "2008.??.??"]

1. e4 c5 2. Nf3 d6 3. d4 cxd4 4. Nxd4 Nf6 5. Nc3 g6 6. Bc4 Bg7 7. Be3 O-O 8. f3
Nc6 9. Qd2 Bd7 10. O-O-O Rc8 11. Bb3 Ne5 12. h4 h5 13. Kb1 a5 14. a3 a4 15. Ba2
Nc4 16. Bxc4 Rxc4 17. Qd3 Rc8 18. g4 hxg4 19. h5 Nxh5 20. fxg4 Bxg4 21. Rdg1
Nf6 22. Bg5 Rxc3 23. bxc3 Bd7 24. Qe3 Qb6+ 25. Ka1 Qc5 26. Bh6 Nxe4 27. Kb2
Bxh6 28. Rxh6 d5 29. Rgh1 Qb6+ 30. Kc1 Qf6 31. c4 Rc8 32. cxd5 Qg5 33. Rh8+ Kg7
34. R8h7+ Kg8 35. Rh8+ Kg7 36. R8h7+ 1/2-1/2

[Event "XIII Konik Morski Rewala - Open A"]
[Site "Rewal"]
[Date "2008.08.23"]
[Round "4"]
[White "Knap, Jerzy"]
[Black "Korosciel, Aneta"]
[Result "1/2-1/2"]
[WhiteElo "1974"]
[BlackElo "2067"]
[PlyCount "98"]
[EventDate "2008.??.??"]

1. d4 Nf6 2. c4 e6 3. Nc3 Bb4 4. Qc2 c5 5. dxc5 O-O 6. Nf3 Na6 7. Bd2 Bxc5 8.
e3 b6 9. a3 Bb7 10. Be2 Be7 11. O-O Nc5 12. b4 Nce4 13. Nxe4 Nxe4 14. Rfd1 Qc7
15. Rac1 a5 16. Be1 Rfc8 17. Qd3 d6 18. Nd4 axb4 19. axb4 d5 20. f3 Nf6 21. Rc2
dxc4 22. Rxc4 Qxc4 23. Qxc4 Rxc4 24. Bxc4 Nd5 25. Bxd5 Bxd5 26. e4 Bb7 27. Nb5
Kf8 28. Bf2 Bc6 29. Nc7 Rc8 30. Bxb6 Bxb4 31. Na6 Be7 32. Rc1 Bd7 33. Rxc8+
Bxc8 34. Nc5 f6 35. g3 Kf7 36. Kg2 g5 37. g4 Kg6 38. Nd3 Bd6 39. Bc5 Bc7 40.
Bf2 h5 41. gxh5+ Kxh5 42. Bg3 Bb6 43. Bf2 Bd8 44. Bc5 Bb7 45. Nf2 Bc7 46. Ng4
f5 47. exf5 exf5 48. Ne3 g4 49. Nxf5 gxf3+ 1/2-1/2

[Event "XIII Konik Morski Rewala - Open A"]
[Site "Rewal"]
[Date "2008.08.23"]
[Round "4"]
[White "Czachor, Grzegorz"]
[Black "Kotermanska, Anna"]
[Result "1-0"]
[WhiteElo "2020"]
[BlackElo "1967"]
[PlyCount "134"]
[EventDate "2008.??.??"]

1. e4 e5 2. Nf3 Nc6 3. d4 exd4 4. Nxd4 Nf6 5. Nc3 Bb4 6. Nxc6 bxc6 7. Bd3 d5 8.
exd5 cxd5 9. O-O O-O 10. Bg5 c6 11. Qf3 Be7 12. h3 Be6 13. Rfe1 Rb8 14. Na4 Re8
15. b3 Qc7 16. Rad1 c5 17. Bf5 Qc6 18. Bxe6 fxe6 19. c4 Ne4 20. Bxe7 Rxe7 21.
Qe3 Rc7 22. Rc1 Rbc8 23. cxd5 exd5 24. f3 Nf6 25. Rxc5 Qd6 26. b4 Qd7 27. Qe6+
Qxe6 28. Rxe6 Kf7 29. Re2 Rxc5 30. Nxc5 a5 31. a3 Rb8 32. Nd3 axb4 33. axb4 Rb7
34. Kf2 g6 35. g4 d4 36. Rc2 Ke7 37. Rc4 Rd7 38. Ke2 h5 39. Ne5 Rd5 40. Nc6+
Kd6 41. Nxd4 Ke5 42. Ke3 Rd7 43. f4+ Kd6 44. gxh5 Nd5+ 45. Kf3 gxh5 46. Nb5+
Ke7 47. Rc5 Kf6 48. Ke4 Nxb4 49. Rxh5 Re7+ 50. Kf3 Nd3 51. Rh6+ Kg7 52. Rd6 Nc5
53. Rd5 Nd7 54. Nd4 Rf7 55. Ne6+ Kf6 56. Ng5 Re7 57. Ne4+ Kg7 58. Rd6 Rf7 59.
Kg4 Nf8 60. f5 Nd7 61. Kf4 Nf8 62. Ng5 Ra7 63. h4 Ra4+ 64. Kg3 Rb4 65. Rd8 Rb6
66. Kf4 Rb4+ 67. Ne4 Ra4 1-0

[Event "XIII Konik Morski Rewala - Open A"]
[Site "Rewal"]
[Date "2008.08.23"]
[Round "4"]
[White "Puczylowski, Marcin"]
[Black "Zierke, Oliver"]
[Result "0-1"]
[WhiteElo "1958"]
[BlackElo "2327"]
[PlyCount "22"]
[EventDate "2008.??.??"]

1. e4 c5 2. Nf3 Nc6 3. d4 cxd4 4. Nxd4 Nf6 5. Nc3 d6 6. Bg5 e6 7. f4 Qb6 8.
Ndb5 a6 9. Nxd6+ Bxd6 10. Qxd6 Qxb2 11. Kd2 Qxc3+ 0-1

[Event "XIII Konik Morski Rewala - Open A"]
[Site "Rewal"]
[Date "2008.08.23"]
[Round "4"]
[White "Wnuk-lipinski, Pawel"]
[Black "Pietrzak, Tomasz"]
[Result "1/2-1/2"]
[WhiteElo "1956"]
[BlackElo "2016"]
[PlyCount "102"]
[EventDate "2008.??.??"]

1. e4 d5 2. exd5 Qxd5 3. d4 Nf6 4. Nf3 Bg4 5. Be2 e6 6. c4 Qd8 7. h3 Bh5 8. Bg5
c6 9. O-O Be7 10. Qb3 Qc7 11. Nc3 Nbd7 12. Rac1 O-O 13. d5 Nc5 14. Qd1 Rfd8 15.
Bxf6 Bxf6 16. b4 Bxc3 17. Rxc3 Ne4 18. Rc2 cxd5 19. Qd4 Nf6 20. Rfc1 dxc4 21.
Qxc4 Qxc4 22. Rxc4 Nd5 23. g4 Bg6 24. h4 Nb6 25. Rc7 Rac8 26. Ne5 Be4 27. Bf3
Bxf3 28. Nxf3 f6 29. Kg2 Rxc7 30. Rxc7 Rd7 31. Rxd7 Nxd7 32. Nd4 e5 33. Nb5 a6
34. Nd6 b6 35. Kf3 Nf8 36. Ke4 Ng6 37. h5 Nf4 38. a4 g6 39. hxg6 hxg6 40. b5
axb5 41. axb5 Ne6 42. Kd5 Nd4 43. Kc4 Kg7 44. Nc8 Kh6 45. Nxb6 Kg5 46. Nd5 Nxb5
47. Kxb5 Kxg4 48. Nxf6+ Kf3 49. Kc4 Kxf2 50. Kd5 g5 51. Kxe5 g4 1/2-1/2

[Event "XIII Konik Morski Rewala - Open A"]
[Site "Rewal"]
[Date "2008.08.25"]
[Round "5"]
[White "Zhigalko, Andrey"]
[Black "Cyborowski, Lukasz"]
[Result "1-0"]
[WhiteElo "2551"]
[BlackElo "2546"]
[PlyCount "0"]
[EventDate "2008.??.??"]

1. e4 d6 2. Nc3 e5 3. Bc4 Nf6 4. d3 c6 5. f4 exf4 6. Bxf4 d5 7. Bb3 dxe4 8.
Nxe4 Nxe4 9. Qe2 Bb4+ 10. c3 O-O 11. dxe4 Be7 12. Nf3 Na6 13. Rd1 Qb6 14. Ne5
Nc5 15. Bxf7+ Rxf7 16. Nxf7 Be6 17. Ng5 Bxa2 18. b4 Bb3 19. bxc5 Qxc5 20. Qe3
Qa5 21. Rb1 Bc4 22. Nf3 Bc5 23. Qd2 Rd8 24. Nd4 Rf8 25. Be3 Bb6 26. Nf3 Bxe3
27. Qxe3 Qa2 28. Nd2 Ba6 29. c4 Rd8 30. Rc1 b5 31. cxb5 Bxb5 32. Qb3+ 1-0

[Event "XIII Konik Morski Rewala - Open A"]
[Site "Rewal"]
[Date "2008.08.25"]
[Round "5"]
[White "Koziak, Vitali"]
[Black "Bronowicki, Mateusz"]
[Result "1-0"]
[WhiteElo "2489"]
[BlackElo "2326"]
[PlyCount "0"]
[EventDate "2008.??.??"]

1. Nf3 Nf6 2. c4 b6 3. g3 Bb7 4. Bg2 e6 5. O-O Be7 6. Nc3 O-O 7. Re1 Ne4 8.
Nxe4 Bxe4 9. d3 Bb7 10. e4 c5 11. d4 cxd4 12. Nxd4 Nc6 13. e5 a6 14. Qg4 Kh8
15. h4 Qc7 16. Nxc6 Bxc6 17. Bg5 Bb4 18. Re2 Bxg2 19. Kxg2 Rfc8 20. Rd1 h6 21.
Re4 Qb7 22. f3 b5 23. Bxh6 Bf8 24. Rf4 f5 25. exf6 gxh6 26. Qg6 Rxc4 27. Rdd4
Rxd4 28. Rxd4 d5 29. f7 1-0

[Event "XIII Konik Morski Rewala - Open A"]
[Site "Rewal"]
[Date "2008.08.25"]
[Round "5"]
[White "Budrewicz, Krzysztof"]
[Black "Orzech, Dominik"]
[Result "1/2-1/2"]
[WhiteElo "2333"]
[BlackElo "2472"]
[PlyCount "0"]
[EventDate "2008.??.??"]

1. d4 Nf6 2. Nf3 d5 3. c4 c6 4. Nc3 dxc4 5. a4 Bf5 6. e3 e6 7. Bxc4 Bb4 8. O-O
O-O 9. Qe2 Bg6 10. Ne5 Nbd7 11. Nxg6 hxg6 12. Rd1 Qa5 13. Bd2 Rad8 14. Na2 Bxd2
15. Qxd2 Qxd2 16. Rxd2 Nb6 17. Bb3 a5 18. Rc2 Rd6 19. Nc1 e5 20. Ne2 exd4 21.
Nxd4 Nbd5 22. Rc5 Ra8 23. Rd1 Ne4 24. Rcc1 Rad8 25. Bc2 Nc5 26. Bb3 Ne4 27. Kf1
Nb4 28. f3 Nf6 29. Ke2 Nfd5 30. g3 Ne7 31. Bc4 Kf8 32. Nb3 Rxd1 33. Rxd1 Rxd1
34. Kxd1 Nf5 35. Kd2 Nd6 1/2-1/2

[Event "XIII Konik Morski Rewala - Open A"]
[Site "Rewal"]
[Date "2008.08.25"]
[Round "5"]
[White "Brodowski, Piotr"]
[Black "Matuszewski, Michal"]
[Result "0-1"]
[WhiteElo "2424"]
[BlackElo "2233"]
[PlyCount "0"]
[EventDate "2008.??.??"]

1. c4 e5 2. Nc3 g6 3. d4 Nc6 4. d5 Nb8 5. e4 d6 6. Nge2 Bg7 7. h4 h6 8. f3 Ne7
9. g4 Nd7 10. Be3 f5 11. gxf5 gxf5 12. Rg1 Rg8 13. f4 Nf6 14. fxe5 dxe5 15. Qd2
f4 16. Bc5 Bg4 17. Ba3 Ng6 18. O-O-O Nxh4 19. Qd3 f3 20. Ng3 f2 21. Rh1 Bxd1
22. Nxd1 Nd7 23. c5 Bf8 24. c6 bxc6 25. dxc6 Nc5 26. Qc4 Rxg3 27. Bxc5 Bxc5 28.
Qxc5 Qg5+ 29. Kc2 Rd8 30. Qxf2 Nf3 0-1

[Event "XIII Konik Morski Rewala - Open A"]
[Site "Rewal"]
[Date "2008.08.25"]
[Round "5"]
[White "Wieczorek, Oskar"]
[Black "Chojnacki, Krzysztof"]
[Result "1-0"]
[WhiteElo "2232"]
[BlackElo "2416"]
[PlyCount "0"]
[EventDate "2008.??.??"]

1. e4 e5 2. Nf3 Nc6 3. Bb5 a6 4. Ba4 Nf6 5. O-O Be7 6. Re1 b5 7. Bb3 d6 8. c3
O-O 9. h3 Nb8 10. d4 Nbd7 11. Nbd2 Bb7 12. Bc2 Re8 13. Nf1 Bf8 14. Ng3 g6 15.
a4 Bg7 16. Bd3 c6 17. Bg5 Nf8 18. Qd2 Qc7 19. b4 Ne6 20. Be3 Nd7 21. Bf1 exd4
22. cxd4 Nb6 23. axb5 axb5 24. Rac1 Qd8 25. d5 cxd5 26. Bxb5 Rf8 27. Bc6 Bxc6
28. Rxc6 Nc4 29. Qxd5 Nxe3 30. Rxe3 Nf4 31. Qxd6 Qxd6 32. Rxd6 Rfb8 33. Rb3 Bf8
34. Rd7 Rxb4 35. Rxb4 Bxb4 36. e5 h6 37. Rd4 Ra1+ 38. Kh2 Bc5 39. Rxf4 Bxf2 40.
Rb4 h5 41. Ne4 Be3 42. Neg5 Ra5 43. Rb8+ Kg7 44. Rb7 Bf4+ 45. Kg1 Be3+ 46. Kh2
Bf4+ 47. g3 Bxg5 48. Nxg5 Rxe5 49. Nxf7 Re2+ 50. Kg1 Kf6 51. Nd6 g5 52. Kf1 Ra2
53. Ne4+ Kf5 54. Nf2 Ra3 55. Rb5+ Kg6 56. Kg2 Ra2 57. Rd5 Rb2 58. Kf3 Rb3+ 59.
Rd3 Rb4 60. Ne4 Rb5 61. Rc3 Kh6 62. Rc6+ Kh7 63. Rc5 Rb3+ 64. Kf2 Rb2+ 65. Ke3
Rb3+ 66. Kd2 Kh6 67. Rxg5 h4 68. Rg4 hxg3 69. Rxg3 Rb4 70. Ke3 Kh5 71. Rg8 Kh6
72. Kf4 Rb5 73. Rg5 Rb1 74. Re5 Rg1 75. Ng3 Ra1 76. Re6+ Kh7 77. h4 Rb1 78. h5
Rb2 79. Nf5 Rg2 80. Re7+ Kh8 81. Ra7 Rb2 82. Kg5 Rb5 83. Rd7 Ra5 84. Kg6 Ra6+
85. Nd6 Ra8 86. Rd8+ Rxd8 87. Nf7+ 1-0

[Event "XIII Konik Morski Rewala - Open A"]
[Site "Rewal"]
[Date "2008.08.25"]
[Round "5"]
[White "Sievers, Stefan"]
[Black "Krajewicz, Pawel"]
[Result "1-0"]
[WhiteElo "2363"]
[BlackElo "1993"]
[PlyCount "0"]
[EventDate "2008.??.??"]

1. e4 c5 2. Nc3 e6 3. f4 d5 4. Nf3 Nf6 5. e5 Nfd7 6. d4 Nc6 7. Be3 Be7 8. Qd2
O-O 9. dxc5 Nxc5 10. O-O-O Bd7 11. Kb1 Qa5 12. f5 Rfc8 13. f6 gxf6 14. Qf2 Nxe5
15. Nxe5 fxe5 16. Bh6 Bf8 17. Qg3+ Kh8 18. Qxe5+ Kg8 19. Qg5+ Kh8 20. Qf6+ Kg8
21. Rd4 Ne4 22. Nxe4 Qe1+ 23. Bc1 Bg7 24. Qg5 dxe4 25. Rxd7 1-0

[Event "XIII Konik Morski Rewala - Open A"]
[Site "Rewal"]
[Date "2008.08.25"]
[Round "5"]
[White "Butkiewicz, Lukasz"]
[Black "Rutkowski, Maciej"]
[Result "1/2-1/2"]
[WhiteElo "2284"]
[BlackElo "2380"]
[PlyCount "24"]
[EventDate "2008.??.??"]

1. e4 c5 2. Nf3 Nc6 3. d4 cxd4 4. Nxd4 g6 5. Nc3 Bg7 6. Be3 Nf6 7. Bc4 O-O 8.
Bb3 d6 9. f3 Bd7 10. Qd2 Nxd4 11. Bxd4 b5 12. Nd5 Nxd5 1/2-1/2

[Event "XIII Konik Morski Rewala - Open A"]
[Site "Rewal"]
[Date "2008.08.25"]
[Round "5"]
[White "Ni, Viktorija"]
[Black "Nguyen, Piotr"]
[Result "1-0"]
[WhiteElo "2129"]
[BlackElo "2329"]
[PlyCount "105"]
[EventDate "2008.??.??"]

1. d4 f5 2. g3 Nf6 3. Bg2 g6 4. c3 Bg7 5. Nh3 Nc6 6. Nd2 O-O 7. Nf4 e5 8. dxe5
Nxe5 9. O-O d5 10. Nf3 Nxf3+ 11. Bxf3 c6 12. Be3 g5 13. Nd3 Ne4 14. Qc1 h6 15.
Bg2 Qe8 16. f3 Nf6 17. Qd2 Nh5 18. Rae1 Qf7 19. Bf2 f4 20. g4 Nf6 21. e3 Nd7
22. exf4 gxf4 23. Bh4 Bf6 24. Bf2 Be7 25. Qxf4 Qh7 26. Qd2 b6 27. Ne5 Bg5 28.
Qd1 Nxe5 29. Rxe5 Bf4 30. Rh5 Ba6 31. Re1 Bd3 32. Bg3 Bg6 33. Rh3 Bxg3 34. hxg3
Rae8 35. Rh1 Rxe1+ 36. Qxe1 Re8 37. Qd2 Kg7 38. Qd4+ Kg8 39. Qd2 Kg7 40. Kf2
Bb1 41. g5 h5 42. a3 Bd3 43. Re1 Rxe1 44. Qxe1 Qf5 45. Qe7+ Qf7 46. Qd6 Bb5 47.
f4 Qe8 48. Qh6+ Kg8 49. Bf3 d4 50. cxd4 Qd8 51. Qe6+ Kf8 52. d5 cxd5 53. Bxd5
1-0

[Event "XIII Konik Morski Rewala - Open A"]
[Site "Rewal"]
[Date "2008.08.25"]
[Round "5"]
[White "Sochacki, Wojtek"]
[Black "Baumann, Dariusz"]
[Result "1-0"]
[WhiteElo "2239"]
[BlackElo "2069"]
[PlyCount "73"]
[EventDate "2008.??.??"]

1. e4 e6 2. d4 d5 3. Nc3 Bb4 4. e5 c5 5. a3 Bxc3+ 6. bxc3 Ne7 7. Qg4 O-O 8. Bd3
f5 9. exf6 Rxf6 10. Bg5 Rf7 11. Qh5 g6 12. Qd1 Nbc6 13. Nf3 Qf8 14. O-O c4 15.
Be2 h6 16. Bh4 g5 17. Bg3 Nf5 18. a4 Bd7 19. Qd2 Nxg3 20. hxg3 Qg7 21. Nh2 Raf8
22. Bh5 Re7 23. f4 Be8 24. Bxe8 Rexe8 25. Rae1 Qg6 26. Nf3 Rf5 27. fxg5 hxg5
28. g4 Rf4 29. Nxg5 Rxg4 30. Nf7 Kg7 31. Nd6 Re7 32. Qf2 Kh7 33. Re3 Qg5 34.
Rh3+ Kg6 35. Qf8 Rh4 36. Nf7 Rf4 37. Nh8# 1-0

[Event "XIII Konik Morski Rewala - Open A"]
[Site "Rewal"]
[Date "2008.08.25"]
[Round "5"]
[White "Szromba, Krzysztof"]
[Black "Nasuta, Grzegorz"]
[Result "0-1"]
[WhiteElo "2186"]
[BlackElo "1959"]
[PlyCount "136"]
[EventDate "2008.??.??"]

1. d4 d5 2. c4 c6 3. e3 Nf6 4. Nf3 e6 5. Nbd2 Nbd7 6. Bd3 Bd6 7. O-O O-O 8. e4
dxe4 9. Nxe4 Bc7 10. Bg5 b6 11. b4 h6 12. Bh4 Qe8 13. Bxf6 Nxf6 14. Nxf6+ gxf6
15. Qd2 Kg7 16. Rfe1 f5 17. Bxf5 Qd7 18. Bc2 f5 19. Rad1 Bb7 20. c5 Rf6 21. Qc3
Rg8 22. Bb3 Kh7 23. d5 Qg7 24. g3 cxd5 25. c6 Bc8 26. b5 f4 27. Bc2+ Kh8 28.
Ne5 Rgf8 29. Kh1 fxg3 30. fxg3 Bxe5 31. Rxe5 Rf3 32. Qa1 Rf2 33. Bd3 Kg8 34.
Be2 Qf6 35. Re1 Rf5 36. Bg4 Rxe5 37. Qxe5 Qxe5 38. Rxe5 Kf7 39. Kg2 Ke7 40. Re3
Kd6 41. Ra3 Rf7 42. Bh5 Rc7 43. Rf3 a6 44. a4 axb5 45. axb5 Kc5 46. Rb3 e5 47.
Kf3 Bf5 48. g4 Be4+ 49. Ke3 Bg2 50. Kf2 Be4 51. Ke3 Bg2 52. Kf2 Bh1 53. Rb1 Be4
54. Rb2 Bd3 55. Be8 Bxb5 56. Rc2+ Bc4 57. h4 b5 58. g5 hxg5 59. hxg5 Rg7 60.
Bd7 Kd6 61. Ke3 Rxg5 62. Rh2 d4+ 63. Kd2 Bd5 64. Rh6+ Kc7 65. Be8 Rg7 66. Bd7
b4 67. Rh5 Re7 68. Rh6 b3 0-1

[Event "XIII Konik Morski Rewala - Open A"]
[Site "Rewal"]
[Date "2008.08.25"]
[Round "5"]
[White "Czerwonski, Aleksander"]
[Black "Klim, Kamil"]
[Result "1-0"]
[WhiteElo "2414"]
[BlackElo "2181"]
[PlyCount "67"]
[EventDate "2008.??.??"]

1. d4 d5 2. c4 e6 3. Nf3 c6 4. Nc3 dxc4 5. e3 b5 6. a4 Bb4 7. Bd2 a5 8. axb5
Bxc3 9. Bxc3 cxb5 10. b3 Bb7 11. d5 Nf6 12. bxc4 b4 13. Bxf6 Qxf6 14. Qa4+ Kf8
15. Nd4 exd5 16. cxd5 g6 17. Qb5 Qe7 18. Rxa5 Rxa5 19. Qxa5 Kg7 20. Be2 Re8 21.
Bf3 Ba6 22. Kd2 Rc8 23. Rc1 Rxc1 24. Kxc1 Qh4 25. Qxb4 Qxf2 26. Qe7 Bc8 27.
Qe5+ Kh6 28. Qf4+ Kg7 29. Qxb8 Qxe3+ 30. Kc2 Qxd4 31. Qxc8 Qf2+ 32. Kb3 Qb6+
33. Kc4 Qb1 34. Qc5 1-0